000 00328nam a2200133Ia 4500
008 240624s9999 xx 000 0 und d
041 _aeng
082 _a823 AHM
100 _aAHMED SUFIYA
245 _aSECRETS OF THE HENNA GIRL
260 _c2012
_aNew Delhi
_bPuffin Books
300 _a270 : p. : cm. ; 20
365 _cRS
_b25
999 _c19998
_d19998